000 00597nam a2200193 i 4500
001 78940
003 ES-MaACL
007 t|
008 041018s1985 sp ||||1| spa d
020 _a84-84691-24-5
100 1 _aHeller, Agnes.
_962436
245 1 0 _aSobre el pacifismo /
_cAgnes Heller y Ferenc Feher ; [traducción de Juan C. Navascués Howard].
250 _a[1ª ed.].
260 _aMadrid :
_bPablo Iglesias,
_c1985.
300 _aXVI, 183 p. ;
_c21 cm.
700 1 _aNavascués Howard, Juan Carlos.
_985217
700 1 _aFeher, Ferenc.
_949091
852 _aES-MaACL
_jL-9283
_bR.110957
999 _c78940
_d78940